Clueless #9 - Statistics

General Stats
  • This quiz has been taken 1,037 times
    788 since last reset
  • The average score is 143 of 299
Answer Stats
Word % Correct
     I've      
98%
      I'm      
98%
      me      
98%
      Me?      
98%
      my      
98%
       I       
98%
     I've      
98%
      I'd      
98%
      I'm      
98%
      me.      
98%
      me;      
98%
      my      
98%
      My      
98%
       I       
98%
      an      
97%
       a       
97%
       a       
97%
       A       
97%
     The       
93%
      the      
93%
      the      
93%
      is!      
87%
      is      
87%
     was.      
87%
      am.      
87%
      is.      
87%
      was      
87%
    that's    
84%
    you're    
84%
     It's      
84%
    that's    
84%
    That's    
84%
    maybe.    
83%
     Gotta     
83%
     been      
82%
      be      
82%
    you'll    
82%
    didn't    
81%
     don't     
81%
   yourself,   
81%
    didn't    
81%
    didn't.    
81%
     don't     
81%
     wanna     
81%
   yourself.   
81%
      you      
80%
     you,      
80%
      you      
80%
      You      
80%
      to      
79%
      to,      
79%
      go.      
79%
      to      
79%
    oughta    
78%
     doing     
76%
     did,      
76%
      and      
75%
     her,      
75%
     her.      
75%
      and      
75%
      And      
75%
      her      
75%
      she      
75%
      She      
75%
      in      
74%
      In      
74%
      No.      
74%
      on      
74%
    they'll    
74%
      in      
74%
      no      
74%
      No.      
74%
      on      
74%
      it      
73%
      it      
73%
      It      
73%
      it,      
73%
   whatever    
71%
      guy      
70%
      man      
70%
   wouldn't    
70%
      man      
70%
      of      
68%
      so.      
68%
     that      
68%
     That      
68%
      of      
68%
     that,     
68%
     that      
68%
     That      
68%
     them      
67%
     They      
67%
     when      
66%
     where     
65%
     what      
65%
     where     
65%
     know      
64%
    lover,    
64%
     know,     
64%
     know      
64%
     knows     
64%
     loved     
64%
      why      
64%
      who      
63%
     has.      
63%
      has      
63%
      who      
63%
      One      
62%
      two      
62%
     three     
62%
      for      
60%
      for      
60%
      how      
60%
      can      
56%
     think     
56%
     this      
56%
     This      
56%
      say      
56%
     think     
56%
      but      
55%
      if      
55%
    there,    
55%
      but      
55%
      Not      
55%
    there,    
55%
     could     
54%
     life.     
54%
    living    
54%
     could     
54%
     life.     
54%
     live      
54%
     would     
54%
      get      
52%
      got      
52%
     want      
52%
      get      
52%
      Get      
52%
     make      
50%
      all      
50%
   somethin'   
50%
     all.      
50%
     made      
50%
      all      
50%
      or      
48%
      as      
48%
      or      
48%
     like      
47%
      bad      
47%
      Bad      
47%
     like      
47%
      Bad      
47%
      way      
46%
      Ya.      
46%
    outside    
46%
   outside,    
46%
      way      
46%
      Ya.      
46%
     then      
46%
     Tell      
45%
     day,      
44%
     out.      
44%
      out      
44%
     time.     
44%
      too      
43%
     just      
42%
     just      
42%
     Red.      
42%
     here,     
41%
     here      
41%
     ever      
41%
     here.     
41%
     here?     
41%
      up      
41%
   somebody.   
41%
   Somebody    
41%
     wife      
40%
   murderer.   
39%
    killed    
39%
     some.     
39%
     some      
39%
   Shawshank   
38%
    things    
38%
     with      
38%
    things.    
38%
  Redemption  
37%
    because    
36%
    Mexico    
34%
   Mexicans    
34%
    died --    
34%
    dying.    
34%
    Mexico.    
34%
     right     
34%
     Take      
34%
    Right.    
34%
     down      
33%
     down      
33%
      use      
33%
     used      
33%
     about     
32%
     About     
32%
     about     
32%
     rest      
32%
     Andy.     
30%
     most      
30%
     else      
30%
    Pacific    
29%
      old      
29%
    Pacific    
29%
   Pacific?    
29%
      let      
27%
  Zihuat...?  
27%
 Zihuatanejo.  
27%
     comes     
27%
     hard      
27%
 Zihuatanejo.  
27%
    Brooks    
26%
     even      
26%
     mean      
26%
     show      
26%
     Feel      
25%
     need      
25%
    really.    
25%
   husband,    
24%
     now,      
24%
     place     
23%
     much      
22%
     big.      
21%
     ask.      
21%
     Gosh,     
21%
     shoot     
21%
    Ocean?    
20%
    little    
20%
    Little    
20%
    Ocean.    
20%
     Heck,     
19%
     heck      
19%
     luck,     
19%
  pipedreams!  
18%
    beach.    
18%
     pull      
17%
     sure,     
17%
  beautiful.  
17%
    guess.    
17%
     away.     
17%
     guess     
17%
     pull      
17%
   trigger.    
16%
     new.      
16%
     paid      
16%
   trigger,    
16%
     long      
15%
   mistakes    
15%
     busy      
15%
     long      
15%
     Well,     
15%
    begin.    
14%
     last      
14%
    boat --    
13%
     boat      
13%
     Nonsense.     
12%
     book.     
12%
     silly     
11%
    choice,    
11%
    closed    
11%
     drove     
11%
    simple    
11%
    around    
10%
     white     
10%
    around.    
10%
     land      
10%
      Buy      
10%
      fix      
10%
     turn,     
9%
     wound     
9%
    death,    
8%
 institutional 
7%
   fishing.    
7%
    memory.    
7%
     Open      
7%
     beard     
6%
     scare     
6%
    rolling    
5%
    Yellow    
5%
     warm      
5%
  Complained  
4%
    hotel,    
4%
     hotel     
4%
 underestimate 
4%
    marbles    
3%
    Pages.    
3%
   upstairs,   
3%
    expect    
3%
    guests    
3%
     path      
3%
     storm     
3%
   worthless   
3%
    charter    
2%
    floats    
2%
   tornado.    
2%
No matching quizzes found
Score Distribution
Percent of People with Each Score
Percentile by Number Answered
Your Score History
You have not taken this quiz since the last reset